| 000 | 00632nam a22002057a 4500 | ||
|---|---|---|---|
| 003 | UA-OsUOA | ||
| 001 | 11373 | ||
| 007 | ta | ||
| 008 | 20050318b un ||||| |||| 00| 0 ukr d | ||
| 100 | _aСікора І. | ||
| 942 | _cSA | ||
| 040 |
_aUA-OsUOA _bukr _cUA-OsUOA _dUA-OsUOA |
||
| 245 | _aНормативне регулювання бухгалтерського обліку оборотних активів | ||
| 300 | _aС.30-36 | ||
| 955 | _a0 | ||
| 041 | _aukr | ||
| 044 | _aUA | ||
| 773 | 0 |
_w0 _tБухгалтерський облік і аудит _dК. _d2005 _gN2 |
|
| 650 | 7 |
_aБухгалтерський облік _2UDC |
|
| 999 |
_c297534 _d297534 |
||